000 00812nam a2200253Ia 4500
003 OSt
005 20220918170457.0
006 a|||||r|||| 00| 0
007 ta
008 220917b |||||||| |||| 00| 0 eng d
020 _a9780231193658
_cUSD 30.00
024 _a354,684
037 _b62532, 14/12/2021, Segment Book Distributors
_cTextual
040 _aARTS
_cARTS
_beng
041 _2eng
_aeng
082 _aY76xN25, R0
100 _aArnall Gavin Au.
_929300
245 0 _aSubterranean fanon
_b an underground theory of radical change
260 _aWest Sussax
_b Columbia University Press USA
_c2020
300 _aix,293p.
_ccm.
650 _aSOCIOLOGY
942 _hY76xN25, R0
_cTEXL
_2CC
999 _c134338
_d134338